000 00476nam a2200169Ia 4500
003 GCL
008 140319s9999 xx 000 0 ara d
040 _aGCL /
_cGCL
082 0 4 _a229.3
_bع د
100 1 _aعبدالله عبادة
245 1 0 _aدعاء الحج والعمرة /
_cعبدالله عبادة
260 _a[S.N] :
_bمكتبة المجلد العربى
300 _a86 ص
490 _a
650 0 4 _aالادعية والاوراد
942 _2ddc
_cBK
999 _c53174
_d53174